000
00301nam a2200121Ia 4500
008
191201s2011 xx 000 0 und d
100
_a
MALL,Rajiv
245
0
_a
Fundamentals of Software Engineering
260
_a
N. Delhi
_b
NAROSA PUB
_c
2011
300
_a
441
650
_a
B.Tech(CSE)
942
_2
ddc
_c
BK
999
_c
6381
_d
6381